00374nam a2200145Ia 4500008004100000020001800041082000800059100001700067245005800084250000600142260002500148300001700173500002400190650001400214230524s9999 xx 000 0 und d a9781259006234 bPAT aSukumar Pati 2aA Textbook on Fluid Mechanics and Hydraulic Machanies a2 aNew DelhibTMHc2013 a"XX,22.24p;" aQuantity Number: 1 aMechanics